000
00325nam a2200133Ia 4500
008
190216s9999||||xx |||||||||||||| ||und||
100
_a
Powell.P
245
0
_a
Principles Of Organometallic Chemistry
250
_a
2nd Ed.
260
_b
"Chapman And Hall, London"
_c
1988
300
_a
414p
650
_a
Chemistry
942
_c
BK
999
_c
2625
_d
2625